Introduction to C programming / (Record no. 364024)
[ view plain ]
| 000 -LEADER | |
|---|---|
| fixed length control field | 00421nam a2200121Ia 4500 |
| 008 - FIXED-LENGTH DATA ELEMENTS--GENERAL INFORMATION | |
| fixed length control field | 200902s9999 xx 000 0 und d |
| 020 ## - INTERNATIONAL STANDARD BOOK NUMBER | |
| International Standard Book Number | 978-621-406-219-5 |
| 100 ## - MAIN ENTRY--PERSONAL NAME | |
| Personal name | Pomperada, Jake |
| 245 ## - TITLE STATEMENT | |
| Statement of responsibility, etc | Jake Pomerada, Kristine Soberano.-- |
| Title | Introduction to C programming / |
| 260 ## - PUBLICATION, DISTRIBUTION, ETC. (IMPRINT) | |
| Place of publication, distribution, etc | Manila : |
| Name of publisher, distributor, etc | Mindshapers Co., Inc. |
| Date of publication, distribution, etc | 2019 |
| 300 ## - PHYSICAL DESCRIPTION | |
| Extent | xxii , 324 pages : |
| Other physical details | illustrations ; |
| Dimensions | 26 cm. |
| 650 ## - SUBJECT ADDED ENTRY--TOPICAL TERM | |
| Topical term or geographic name as entry element | C (Computer program language) |
| Withdrawn status | Lost status | Source of classification or shelving scheme | Damaged status | Home library | Current library | Shelving location | Date acquired | Source of acquisition | Total Checkouts | Full call number | Barcode | Date last seen | Price effective from | Koha item type |
|---|---|---|---|---|---|---|---|---|---|---|---|---|---|---|
| Library of Congress Classification | College Library | College Library | Filipiniana Section | 09/02/2020 | Library Fund | QA 76.73.C15 .P788 2019 | C22227 | 09/02/2020 | 09/02/2020 | Books |